[Event "Titled Tuesday 2022.09.06 Early"]
[Site "chess.com INT"]
[Date "2022.09.06"]
[Round "9"]
[White "Plotkin, Mark"]
[Black "Yoo, Christopher Woojin"]
[Result "0-1"]
[WhiteElo "2358"]
[BlackElo "2563"]
[PlyCount "210"]
[EventDate "2022.09.06"]
[EventType "swiss (blitz)"]
[EventRounds "11"]
[EventCountry "NET"]
[Source "Mark Crowther"]
[SourceDate "2022.09.12"]

1. Nf3 d5 2. c4 c6 3. g3 Nf6 4. Bg2 Bf5 5. O-O e6 6. d3 Nbd7 7. Nh4 Bg4 8. h3
Bh5 9. g4 Bg6 10. Nd2 Bd6 11. Ndf3 O-O 12. b3 e5 13. Nxg6 hxg6 14. cxd5 cxd5
15. Bb2 Qe7 16. e3 Rac8 17. Re1 e4 18. dxe4 dxe4 19. Nd4 Nc5 20. Nb5 Bb8 21.
Ba3 Rfd8 22. Qe2 Qe5 23. Bxc5 Rxc5 24. Nd4 Qh2+ 25. Kf1 Be5 26. Red1 Nd5 27.
Bxe4 Nc3 28. Qf3 Nxd1 29. Rxd1 Bxd4 30. exd4 Rc7 31. Bxb7 Rcd7 32. Bc6 Rxd4 33.
Rxd4 Rxd4 34. Bd5 Qc7 35. Kg2 a5 36. a4 Qf4 37. Bc4 Qxf3+ 38. Kxf3 g5 39. Ke3
Rd1 40. f4 gxf4+ 41. Kxf4 Kf8 42. h4 Ke7 43. h5 Rd4+ 44. Kg5 Re4 45. Kf5 Re3
46. Kf4 Rh3 47. Kf5 Rf3+ 48. Ke4 Rg3 49. Kf4 Rh3 50. Kf5 Rh2 51. Kf4 Rf2+ 52.
Kg3 Rd2 53. Kf4 Rd4+ 54. Kf5 g6+ 55. hxg6 fxg6+ 56. Kg5 Kf8 57. Kxg6 Rxg4+ 58.
Kf6 Rd4 59. Ke6 Ke8 60. Bd5 Kd8 61. Kd6 Rb4 62. Kc6 Kc8 63. Bc4 Kb8 64. Bb5 Ka7
65. Bc4 Rb6+ 66. Kc5 Rb7 67. Bb5 Rc7+ 68. Kd4 Kb6 69. Bc4 Rd7+ 70. Kc3 Kc5 71.
Bg8 Rg7 72. Bc4 Rg3+ 73. Kd2 Kb4 74. Kd1 Kc3 75. Ke2 Rg2+ 76. Ke1 Rd2 77. Kf1
Rd4 78. Ke1 Kc2 79. Ke2 Re4+ 80. Kf3 Re7 81. Kf2 Kc3 82. Kf3 Re5 83. Kf2 Kd2
84. Kf3 Re3+ 85. Kf4 Re8 86. Kf5 Ke3 87. Kf6 Ke4 88. Kf7 Rb8 89. Ke6 Kd4 90.
Kd6 Rb6+ 91. Kc7 Kc5 92. Kd7 Rb4 93. Bg8 Rg4 94. Be6 Rg7+ 95. Ke8 Kd6 96. Bc4
Rh7 97. Kf8 Kc5 98. Kg8 Rh4 99. Be6 Re4 100. Kf7 Re3 101. Kf6 Kb4 102. Kf5 Kc3
103. Bd5 Kd4 104. Kf4 Re1 105. Bg8 Rf1+ 0-1

[Event "Titled Tuesday 2022.09.06 Early"]
[Site "chess.com INT"]
[Date "2022.09.06"]
[Round "10"]
[White "Kosteniuk, A."]
[Black "Plotkin, Mark"]
[Result "1-0"]
[WhiteElo "2521"]
[BlackElo "2358"]
[PlyCount "287"]
[EventDate "2022.09.06"]
[EventType "swiss (blitz)"]
[EventRounds "11"]
[EventCountry "NET"]
[Source "Mark Crowther"]
[SourceDate "2022.09.12"]

1. e4 c5 2. c3 Nf6 3. e5 Nd5 4. Nf3 Nc6 5. d4 e6 6. Bc4 d6 7. O-O Nb6 8. Bd3
dxe5 9. dxe5 Qc7 10. Qe2 Be7 11. Na3 a6 12. Re1 Bd7 13. Bg5 Bxg5 14. Nxg5 h6
15. Qh5 Nxe5 16. Nxe6 Bxe6 17. Rxe5 O-O 18. Rxc5 Qf4 19. Qe5 Qxe5 20. Rxe5 Rad8
21. Re3 Nd5 22. Rf3 Bg4 23. Rg3 Nf4 24. Bf1 Be6 25. Re3 Rd2 26. g3 Nh3+ 27.
Bxh3 Bxh3 28. Nc4 Rd5 29. Rae1 Rfd8 30. f3 b5 31. Na5 Rd2 32. R3e2 R2d3 33. Kf2
R8d6 34. Nb3 R3d5 35. Re3 h5 36. Nd4 g6 37. a3 Kg7 38. Re5 Bd7 39. Rxd5 Rxd5
40. Re7 a5 41. Re4 b4 42. axb4 axb4 43. Re1 bxc3 44. bxc3 Rc5 45. Rc1 h4 46. c4
hxg3+ 47. hxg3 Kf6 48. Nb3 Rc8 49. c5 Ke5 50. Ke3 Be6 51. Nd4 Bd5 52. f4+ Kf6
53. Nf3 Ra8 54. Ne5 Ra3+ 55. Kd4 Bb7 56. c6 Bc8 57. Nd7+ Bxd7 58. cxd7 Ke7 59.
g4 Ra4+ 60. Ke3 Kxd7 61. Rc5 Ke6 62. Rb5 Kf6 63. g5+ Ke6 64. Kf3 Ra1 65. Rb6+
Ke7 66. Rb7+ Kf8 67. Rb8+ Kg7 68. Rb7 Rf1+ 69. Kg3 Re1 70. Kf3 Re6 71. Kg4 Kf8
72. f5 Re4+ 73. Kf3 gxf5 74. Rb5 Ra4 75. Rxf5 Kg7 76. Kg3 Ra6 77. Kg4 Kg6 78.
Rf4 Ra1 79. Rf6+ Kg7 80. Rb6 Rg1+ 81. Kf5 Rg2 82. Kf4 Rf2+ 83. Kg4 Rf1 84. Ra6
Rb1 85. Rc6 Rb5 86. Rd6 Ra5 87. Rc6 Ra4+ 88. Kf5 Kf8 89. Rc8+ Ke7 90. Rc7+ Ke8
91. Rc6 Kd7 92. Rb6 Ke7 93. Rb7+ Kf8 94. Rb6 Kg7 95. Rc6 Ra1 96. Kg4 Rf1 97.
Rb6 Kf8 98. Rc6 Ke7 99. Rb6 Kd7 100. Ra6 Kc7 101. Rh6 Kd7 102. Ra6 Rg1+ 103.
Kf5 Ke7 104. Ra7+ Kf8 105. Ra6 Kg7 106. Rb6 Rg2 107. Ra6 Rb2 108. Kg4 Rb5 109.
Kf4 Kg8 110. Kg4 Kf8 111. Kf4 Ke7 112. Kg4 Rb4+ 113. Kf5 Rb7 114. Rc6 Kd7 115.
Rf6 Rb5+ 116. Kg4 Rb4+ 117. Kh5 Ke7 118. Kh6 Rg4 119. Ra6 Rg1 120. Ra7+ Ke6
121. Ra6+ Kf5 122. Rf6+ Ke5 123. Rxf7 Ke6 124. Rf2 Ke7 125. g6 Rg3 126. Kg7 Ke8
127. Re2+ Kd7 128. Kf7 Rf3+ 129. Kg8 Rg3 130. g7 Kd8 131. Re4 Kd7 132. Kf7 Rf3+
133. Kg6 Rg3+ 134. Kf6 Kd8 135. Re5 Kd7 136. Rg5 Rf3+ 137. Kg6 Ke7 138. g8=Q
Rf6+ 139. Kg7 Rf1 140. Re5+ Kd7 141. Qe6+ Kc7 142. Rc5+ Kb8 143. Qb6+ Ka8 144.
Ra5# 1-0

[Event "Titled Tuesday 2022.09.06 Early"]
[Site "chess.com INT"]
[Date "2022.09.06"]
[Round "11"]
[White "Salman, P."]
[Black "Plotkin, Mark"]
[Result "0-1"]
[WhiteElo "2287"]
[BlackElo "2358"]
[PlyCount "172"]
[EventDate "2022.09.06"]
[EventType "swiss (blitz)"]
[EventRounds "11"]
[EventCountry "NET"]
[Source "Mark Crowther"]
[SourceDate "2022.09.12"]

1. Nf3 Nf6 2. g3 d5 3. Bg2 c5 4. O-O Nc6 5. d3 g6 6. Nbd2 Bg7 7. e4 O-O 8. Re1
b6 9. c3 dxe4 10. dxe4 Ba6 11. h3 Nd7 12. Nf1 Qc7 13. Bf4 Qb7 14. Qc2 Rad8 15.
Rad1 Nde5 16. Nxe5 Nxe5 17. Bxe5 Bxe5 18. f4 Bg7 19. Ne3 e6 20. Kh2 Qc7 21. a4
Bb7 22. Nc4 a6 23. e5 Bxg2 24. Qxg2 b5 25. axb5 axb5 26. Nd6 b4 27. Ra1 f6 28.
Ra6 fxe5 29. fxe5 Bxe5 30. Rxe5 Rxd6 31. Rxe6 Rd3 32. Ra8 Rxa8 33. Qxa8+ Kg7
34. Qg2 bxc3 35. bxc3 Rxc3 36. Qf2 Qf7 37. Qb2 Qf3 38. Qg2 Qd3 39. Re2 c4 40.
Qf2 Qd6 41. Qa7+ Kh6 42. Qf2 Rd3 43. h4 c3 44. Kh3 Qd7+ 45. Kh2 Qf5 46. Qxf5
gxf5 47. Kh3 f4 48. Kg4 fxg3 49. h5 Rd4+ 50. Kxg3 Rc4 51. Rc2 Kxh5 52. Kf3 Kg5
53. Ke3 h5 54. Kd3 Rc8 55. Rg2+ Kf4 56. Kc2 h4 57. Rg7 h3 58. Rh7 Kg3 59. Rg7+
Kh2 60. Rh7 Kg2 61. Rg7+ Kh1 62. Rh7 h2 63. Rg7 Rf8 64. Kxc3 Rf1 65. Kd3 Rg1
66. Rh7 Kg2 67. Rg7+ Kf3 68. Rf7+ Kg3 69. Rg7+ Kf4 70. Rf7+ Ke5 71. Re7+ Kd6
72. Rh7 h1=R 73. Ra7 Rh3+ 74. Ke2 Rg2+ 75. Kf1 Rb2 76. Ra6+ Kc7 77. Kg1 Rc3 78.
Ra1 Rcc2 79. Rd1 Kc6 80. Kh1 Kc5 81. Kg1 Kc4 82. Ra1 Rg2+ 83. Kh1 Rh2+ 84. Kg1
Rbg2+ 85. Kf1 Rh1+ 86. Kxg2 Rxa1 0-1

[Event "Chicago op"]
[Site "Wheeling USA"]
[Date "2022.05.27"]
[Round "3"]
[White "Akobian, Varuzhan"]
[Black "Plotkin, Mark"]
[Result "0-1"]
[WhiteElo "2600"]
[BlackElo "2350"]
[PlyCount "35"]
[EventDate "2022.05.26"]
[EventType "swiss"]
[EventRounds "9"]
[EventCountry "USA"]
[Source "ChessMix"]
[SourceDate "2022.06.10"]

1. d4 d5 2. c4 c6 3. Nf3 Nf6 4. cxd5 cxd5 5. Nc3 Nc6 6. Bf4 Bf5 7. Ne5 Qb6 8.
e3 Qxb2 9. Qc1 Qxc1+ 10. Rxc1 e6 11. Nb5 Bb4+ 12. Ke2 Rc8 13. a3 Be7 14. Nxc6
Rxc6 15. Rxc6 bxc6 16. Nd6+ Bxd6 17. Bxd6 Kd7 18. Bb4 0-1

[Event "Chicago op"]
[Site "Wheeling USA"]
[Date "2022.05.28"]
[Round "4"]
[White "Plotkin, Mark"]
[Black "Liang, Awonder"]
[Result "0-1"]
[WhiteElo "2350"]
[BlackElo "2613"]
[PlyCount "82"]
[EventDate "2022.05.26"]
[EventType "swiss"]
[EventRounds "9"]
[EventCountry "USA"]
[Source "ChessMix"]
[SourceDate "2022.06.10"]

1. d4 Nf6 2. c4 e6 3. Nf3 b6 4. g3 Bb7 5. Bg2 Be7 6. O-O O-O 7. Nc3 Ne4 8. d5
Nxc3 9. bxc3 d6 10. e4 Bf6 11. Nd4 e5 12. Nf5 Bc8 13. Ne3 g6 14. Ng4 Bg7 15.
Nh6+ Kh8 16. h4 Nd7 17. Qf3 Qf6 18. Qe2 Qe7 19. h5 Nc5 20. hxg6 hxg6 21. Bf3
Kh7 22. Ng4 f5 23. exf5 Bxf5 24. Rd1 e4 25. Bg2 Bxc3 26. Rb1 e3 27. Bxe3 Bxb1
28. Rxb1 Bd4 29. Bf3 Bxe3 30. fxe3 Nd7 31. Qh2+ Kg8 32. Kg2 Nf6 33. Qh6 Qg7 34.
Qg5 Rae8 35. e4 Nxe4 36. Nh6+ Kh7 37. Bxe4 Rxe4 38. Ng4 Re2+ 39. Kh3 Rf5 40.
Qh4+ Rh5 41. Nf6+ Qxf6 0-1

[Event "Chicago op"]
[Site "Wheeling USA"]
[Date "2022.05.28"]
[Round "5"]
[White "Liu, Eric"]
[Black "Plotkin, Mark"]
[Result "0-1"]
[WhiteElo "2019"]
[BlackElo "2350"]
[PlyCount "104"]
[EventDate "2022.05.26"]
[EventType "swiss"]
[EventRounds "9"]
[EventCountry "USA"]
[Source "ChessMix"]
[SourceDate "2022.06.10"]

1. e4 g6 2. d4 Bg7 3. Nc3 d6 4. Be3 Nf6 5. f3 a6 6. a4 Nc6 7. Nge2 h5 8. h4 Bd7
9. Qd2 O-O 10. Nf4 e5 11. dxe5 Nxe5 12. Be2 b5 13. O-O b4 14. Ncd5 a5 15. g3
Nxd5 16. Nxd5 Re8 17. Rfd1 Rb8 18. c3 bxc3 19. bxc3 Rb3 20. Bg5 Qb8 21. Nf6+
Bxf6 22. Bxf6 Qb6+ 23. Qd4 Qxd4+ 24. Rxd4 Rxc3 25. Kf2 Rc2 26. Ke3 Bc6 27. Bxe5
Rxe5 28. Rc4 Rxc4 29. Bxc4 Kf8 30. Kd4 Ke7 31. Bd3 Rc5 32. f4 Bd7 33. Bc4 Rc6
34. Bb5 Rb6 35. Bxd7 Rb4+ 36. Ke3 Kxd7 37. Ra3 c5 38. Kd3 Kc6 39. Ke3 f5 40.
exf5 gxf5 41. Kd2 d5 42. Re3 Re4 43. Rb3 Rxa4 44. Rb8 Ra2+ 45. Ke3 d4+ 46. Kf3
c4 47. Rc8+ Kb5 48. Rf8 c3 49. Rxf5+ Kc4 50. Rf8 c2 51. Rc8+ Kd3 52. f5 Ra1 0-1

[Event "Chicago op"]
[Site "Wheeling USA"]
[Date "2022.05.29"]
[Round "6"]
[White "Plotkin, Mark"]
[Black "Mikaelyan, Arman"]
[Result "0-1"]
[WhiteElo "2350"]
[BlackElo "2502"]
[PlyCount "82"]
[EventDate "2022.05.26"]
[EventType "swiss"]
[EventRounds "9"]
[EventCountry "USA"]
[Source "ChessMix"]
[SourceDate "2022.06.10"]

1. c4 Nf6 2. g3 c6 3. Nf3 d5 4. b3 Bg4 5. Bg2 Nbd7 6. Bb2 e6 7. O-O Bd6 8. d3
O-O 9. Nbd2 Qe7 10. h3 Bh5 11. a3 a5 12. Qc2 e5 13. e4 dxe4 14. dxe4 Bc5 15.
Nh4 Bg6 16. Rfe1 Rfd8 17. Nf1 Nf8 18. Ne3 Qc7 19. Rad1 Ne6 20. Nef5 Bxf5 21.
Nxf5 g6 22. Ne3 Nd4 23. Qc3 Qe7 24. Ra1 h5 25. h4 Ra6 26. Ra2 Bb4 27. axb4 axb4
28. Ba3 Rxa3 29. Qb2 Rxb3 30. Qa1 Ra3 31. Rxa3 bxa3 32. Rb1 Ng4 33. Nxg4 hxg4
34. Qa2 b5 35. cxb5 cxb5 36. Kh1 b4 37. Bf1 b3 38. Rxb3 Nxb3 39. Qxb3 Rd2 40.
Bc4 Rxf2 41. Qe3 a2 0-1

[Event "Chicago op"]
[Site "Wheeling USA"]
[Date "2022.05.29"]
[Round "7"]
[White "Andersen, Gunnar"]
[Black "Plotkin, Mark"]
[Result "1-0"]
[WhiteElo "2244"]
[BlackElo "2350"]
[PlyCount "59"]
[EventDate "2022.05.26"]
[EventType "swiss"]
[EventRounds "9"]
[EventCountry "USA"]
[Source "ChessMix"]
[SourceDate "2022.06.10"]

1. d4 Nf6 2. Nc3 d5 3. Bf4 a6 4. e3 b5 5. h4 e6 6. g4 c5 7. g5 Nfd7 8. Bg2 Bb7
9. Qg4 Nc6 10. O-O-O cxd4 11. exd4 Nb6 12. h5 b4 13. Nce2 Nc4 14. Qg3 Qa5 15.
Kb1 O-O-O 16. Nf3 Qb6 17. Nc1 Nd6 18. Ne5 f6 19. Nxc6 Bxc6 20. gxf6 gxf6 21.
Rhe1 Nf5 22. Qf3 Nxd4 23. Rxd4 Qxd4 24. Rxe6 Bb5 25. Bh3 Kb7 26. Nb3 Qa7 27.
Be3 Qa8 28. Na5+ Kb8 29. Qf4+ Kc8 30. Rc6# 1-0

[Event "Chicago op"]
[Site "Wheeling USA"]
[Date "2022.05.30"]
[Round "8"]
[White "Plotkin, Mark"]
[Black "De la Colina, Nicolas"]
[Result "1-0"]
[WhiteElo "2350"]
[BlackElo "2091"]
[PlyCount "71"]
[EventDate "2022.05.26"]
[EventType "swiss"]
[EventRounds "9"]
[EventCountry "USA"]
[Source "ChessMix"]
[SourceDate "2022.06.10"]

1. e4 c5 2. c3 Nf6 3. e5 Nd5 4. Nf3 Nc6 5. d4 cxd4 6. Bc4 Nb6 7. Bb3 g6 8. Ng5
d5 9. exd6 e6 10. Qf3 f5 11. O-O Bxd6 12. Bxe6 Bxe6 13. Nxe6 Qe7 14. Nxd4 Nxd4
15. cxd4 O-O 16. Nc3 Rad8 17. h3 Rd7 18. Bh6 Rfd8 19. Rfe1 Qf6 20. Ne4 Qxd4 21.
Qb3+ Qc4 22. Nf6+ Kf7 23. Nxd7 Rxd7 24. Be3 Qxb3 25. axb3 Nc8 26. Rec1 Ne7 27.
Bxa7 Be5 28. Rc2 Nc6 29. Bc5 Rd3 30. b4 Rb3 31. Re1 Rxb2 32. Rxb2 Bxb2 33. b5
Ne5 34. Rd1 Ke6 35. Rd6+ Kf7 36. Rb6 1-0

[Event "Chicago op"]
[Site "Wheeling USA"]
[Date "2022.05.30"]
[Round "9"]
[White "Lin, Andy"]
[Black "Plotkin, Mark"]
[Result "1/2-1/2"]
[WhiteElo "2251"]
[BlackElo "2350"]
[PlyCount "103"]
[EventDate "2022.05.26"]
[EventType "swiss"]
[EventRounds "9"]
[EventCountry "USA"]
[Source "ChessMix"]
[SourceDate "2022.06.10"]

1. Nf3 g6 2. d4 d5 3. g3 Bg7 4. Bg2 Nf6 5. c4 O-O 6. cxd5 Nxd5 7. O-O Nc6 8.
Nc3 Nb6 9. d5 Na5 10. Qc2 c6 11. dxc6 Nxc6 12. Rd1 Qe8 13. Qe4 Bf5 14. Qh4 f6
15. g4 Bc2 16. Rd2 g5 17. Qg3 Bg6 18. Nb5 Rd8 19. Rxd8 Qxd8 20. Be3 e5 21. h4
h6 22. hxg5 hxg5 23. Nd2 Rf7 24. Be4 Bxe4 25. Nxe4 Bf8 26. Qf3 a6 27. Nbc3 Nc4
28. Rd1 Qc8 29. Nd5 Be7 30. Nxe7+ Nxe7 31. Rc1 Qe6 32. Nc5 e4 33. Nxe6 exf3 34.
Rxc4 fxe2 35. Rc1 Nd5 36. Nd4 Re7 37. Nxe2 Re4 38. Kg2 Rxg4+ 39. Kf3 Rb4 40. b3
Kf7 41. Rc4 Rxc4 42. bxc4 Nb4 43. Nc3 Ke6 44. Ke2 Ke5 45. f3 Nc6 46. c5 Nd4+
47. Kf2 Nc2 48. Ne4 g4 49. Nxf6 gxf3 50. Ne8 Nxe3 51. Kxe3 Kd5 52. Nd6 1/2-1/2

[Event "Charlotte Spring IM-A"]
[Site "Charlotte USA"]
[Date "2022.03.16"]
[Round "1.2"]
[White "Adewumi, Tanitoluwa"]
[Black "Plotkin, Mark"]
[Result "1/2-1/2"]
[WhiteElo "2188"]
[BlackElo "2400"]
[PlyCount "89"]
[EventDate "2022.03.16"]
[EventType "tourn"]
[EventRounds "9"]
[EventCountry "USA"]
[EventCategory "1"]
[Source "ChessMix"]
[SourceDate "2022.04.01"]

1. d4 g6 2. Nc3 d5 3. e4 c6 4. g3 Bg7 5. Nge2 Bg4 6. Bg2 dxe4 7. Bxe4 Nf6 8.
Bg2 O-O 9. O-O Qd7 10. Re1 Na6 11. Bg5 Rad8 12. Qd2 Rfe8 13. Rad1 Nc7 14. Qc1
Qc8 15. Bh6 Bh8 16. f3 Bf5 17. g4 Bd7 18. Bf4 c5 19. Be5 cxd4 20. Nxd4 Ncd5 21.
Nxd5 Nxd5 22. Bxh8 Kxh8 23. c4 Nf6 24. b3 Qc5 25. Qe3 Bc6 26. Nc2 Qxe3+ 27.
Nxe3 Kg7 28. f4 Ne4 29. Rxd8 Rxd8 30. Nd5 Bxd5 31. cxd5 Nf6 32. Rxe7 Nxd5 33.
Bxd5 Rxd5 34. Rxb7 Rd1+ 35. Kg2 Rd2+ 36. Kg3 Rxa2 37. g5 a5 38. b4 Rb2 39. b5
Rb3+ 40. Kg4 h5+ 41. gxh6+ Kxh6 42. Rxf7 Rxb5 43. Ra7 Rc5 44. h4 Rb5 45. Ra6
1/2-1/2

[Event "Charlotte Spring IM-A"]
[Site "Charlotte USA"]
[Date "2022.03.17"]
[Round "3.3"]
[White "Johnson, Donald"]
[Black "Plotkin, Mark"]
[Result "0-1"]
[WhiteElo "2116"]
[BlackElo "2400"]
[PlyCount "174"]
[EventDate "2022.03.16"]
[EventType "tourn"]
[EventRounds "9"]
[EventCountry "USA"]
[EventCategory "1"]
[Source "ChessMix"]
[SourceDate "2022.04.01"]

1. e4 c5 2. Nf3 Nc6 3. d4 cxd4 4. Nxd4 g6 5. c4 Bg7 6. Be3 Nf6 7. Nc3 Ng4 8.
Qxg4 Nxd4 9. Qd1 Ne6 10. Qd2 d6 11. Be2 Bd7 12. O-O O-O 13. Rac1 Bc6 14. f3 a5
15. b3 Nc5 16. Rc2 Qb6 17. Rb1 Qb4 18. Kh1 Rfc8 19. Qc1 Qb6 20. a3 Qd8 21. Bf1
Qf8 22. Nd5 Nd7 23. Qd2 e6 24. Nc3 Nf6 25. b4 axb4 26. axb4 Ra3 27. Rd1 Rd8 28.
Bb6 Rda8 29. b5 Bd7 30. Qxd6 Qxd6 31. Rxd6 Be8 32. Bd4 Ra1 33. Kg1 Nd7 34. Bxg7
Kxg7 35. Rcd2 Nc5 36. Rd8 Rxd8 37. Rxd8 Bd7 38. e5 Re1 39. Kf2 Rxe5 40. Ne4
Rxe4 41. fxe4 e5 42. Ke3 Kf6 43. g3 Ke7 44. Ra8 Kd6 45. Ra1 Bg4 46. Ra2 Be6 47.
h4 h5 48. Rh2 Nb3 49. Rc2 Kc5 50. Ra2 b6 51. Ra7 Na5 52. Kd2 Kd4 53. Ra6 Bxc4
54. Bxc4 Nxc4+ 55. Kc2 Kxe4 56. Kc3 Kd5 57. Ra7 Nd6 58. Kd3 Kc5 59. Rd7 Kd5 60.
Ke3 Ke6 61. Rc7 Nxb5 62. Rc6+ Kf5 63. Rxb6 Nd4 64. Rb7 f6 65. Rf7 Nc2+ 66. Kd3
Nb4+ 67. Ke3 Nd5+ 68. Kd3 e4+ 69. Kd4 Nb4 70. Rc7 Nd3 71. Rc2 Ne5 72. Rf2+ Nf3+
73. Ke3 g5 74. Ra2 Kg4 75. Kxe4 Kxg3 76. hxg5 fxg5 77. Ra1 h4 78. Kf5 h3 79.
Rb1 h2 80. Ra1 g4 81. Rb1 Ng1 82. Rb3+ Kf2 83. Rb2+ Ne2 84. Rb1 g3 85. Rh1 Kg2
86. Re1 Ng1 87. Kg4 h1=Q 0-1

[Event "Charlotte Spring IM-A"]
[Site "Charlotte USA"]
[Date "2022.03.18"]
[Round "5.4"]
[White "Mishra, Prateek"]
[Black "Plotkin, Mark"]
[Result "1-0"]
[WhiteElo "2164"]
[BlackElo "2400"]
[PlyCount "111"]
[EventDate "2022.03.16"]
[EventType "tourn"]
[EventRounds "9"]
[EventCountry "USA"]
[EventCategory "1"]
[Source "ChessMix"]
[SourceDate "2022.04.01"]

1. e4 e5 2. Nf3 Nf6 3. Nxe5 d6 4. Nf3 Nxe4 5. d4 Be7 6. Bd3 d5 7. O-O O-O 8.
Re1 Nd6 9. Bf4 Bg4 10. h3 Bh5 11. Nbd2 Nd7 12. c3 Nf6 13. Qc2 Bg6 14. Bxg6 hxg6
15. Ne5 Re8 16. Re2 a5 17. a4 Ra6 18. Rae1 Nf5 19. g4 Nd6 20. f3 Nh7 21. Nd3
Ra8 22. Qb3 Bh4 23. Rxe8+ Nxe8 24. Re5 Nd6 25. Qxd5 c6 26. Qb3 Nf6 27. Re2 Nfe8
28. Ne4 Nxe4 29. fxe4 Qe7 30. Kg2 Rd8 31. Nc5 Nd6 32. Bxd6 Qxd6 33. e5 Qe7 34.
Qxb7 Qg5 35. Qxc6 Qc1 36. e6 fxe6 37. Nxe6 Qd1 38. Qc4 Rb8 39. Nf4+ Kh7 40. Qd3
Qxd3 41. Nxd3 Bf6 42. d5 Kh6 43. Kf3 Kg5 44. Nc5 Kh4 45. Kg2 Rd8 46. Rd2 Be5
47. Nb7 Rb8 48. Nxa5 Bf4 49. Rc2 Re8 50. c4 Re3 51. Rc3 Re1 52. Rf3 g5 53. Nc6
g6 54. Nd4 Rb1 55. Rxf4 Rxb2+ 56. Rf2 1-0

[Event "Charlotte Spring IM-A"]
[Site "Charlotte USA"]
[Date "2022.03.19"]
[Round "6.2"]
[White "Plotkin, Mark"]
[Black "Ngo, Bach"]
[Result "0-1"]
[WhiteElo "2400"]
[BlackElo "2296"]
[PlyCount "204"]
[EventDate "2022.03.16"]
[EventType "tourn"]
[EventRounds "9"]
[EventCountry "USA"]
[EventCategory "1"]
[Source "ChessMix"]
[SourceDate "2022.04.01"]

1. c4 Nf6 2. Nc3 e6 3. Nf3 d5 4. e3 Be7 5. d4 O-O 6. Bd3 dxc4 7. Bxc4 a6 8. a4
b6 9. O-O Bb7 10. Qe2 c5 11. dxc5 bxc5 12. e4 Nc6 13. e5 Nd5 14. Rd1 Na5 15.
Bd3 Nb3 16. Rb1 Nxc1 17. Rbxc1 Qb6 18. Bb1 Rfd8 19. Ne4 Qb3 20. g3 h6 21. Bc2
Qb6 22. Nfd2 Nb4 23. Nc4 Qc7 24. Ncd6 Nxc2 25. Rxc2 Bxe4 26. Qxe4 Rab8 27. Qf4
Bxd6 28. exd6 Qc6 29. Rdd2 Rb6 30. b4 Qb7 31. Qe5 Rxb4 32. Qxc5 Rb1+ 33. Rc1
Qb4 34. Qxb4 Rxb4 35. Rc7 Rxa4 36. Rb2 Ra5 37. Rb6 Rd5 38. Rxa6 R8xd6 39. Ra8+
Rd8 40. Rxd8+ Rxd8 41. h4 g5 42. hxg5 hxg5 43. Kg2 Kg7 44. Rc5 Rd5 45. Rc8 Kg6
46. g4 Rd3 47. Ra8 Kg7 48. Rb8 Kf6 49. Rg8 Rd5 50. Kg3 Ke7 51. Ra8 Rd3+ 52. Kg2
Rc3 53. Rg8 Rc5 54. Ra8 Kd6 55. Rf8 Rc7 56. Rg8 f6 57. Ra8 Rc5 58. Ra4 Kd5 59.
f3 Rc6 60. Kg3 Rc4 61. Ra5+ Rc5 62. Ra4 f5 63. gxf5 exf5 64. Ra8 Ke5 65. Re8+
Kf6 66. Rf8+ Kg7 67. Ra8 Rc3 68. Ra7+ Kg6 69. Kg2 Rc2+ 70. Kf1 Kf6 71. Ra5 Rb2
72. Rc5 Kg6 73. Ra5 Rc2 74. Rb5 Ra2 75. Rc5 f4 76. Rc8 Kf5 77. Rc5+ Kg6 78. Rc8
Kf6 79. Rc5 Rb2 80. Ra5 Kg6 81. Ra8 Rb5 82. Kg2 Kf5 83. Rg8 Rb2+ 84. Kf1 Rd2
85. Ke1 Rc2 86. Kf1 Rh2 87. Kg1 Rd2 88. Kf1 Ke5 89. Rxg5+ Kd4 90. Ra5 Ke3 91.
Ra3+ Rd3 92. Ra8 Kxf3 93. Kg1 Rd1+ 94. Kh2 Ke2 95. Rf8 f3 96. Re8+ Kf1 97. Rf8
Rd2+ 98. Kh1 f2 99. Ra8 Ke1 100. Re8+ Re2 101. Rf8 Re5 102. Kg2 Rg5+ 0-1

[Event "Charlotte Spring IM-A"]
[Site "Charlotte USA"]
[Date "2022.03.19"]
[Round "7.5"]
[White "Almeida Saenz, Alfonso"]
[Black "Plotkin, Mark"]
[Result "1-0"]
[WhiteElo "2259"]
[BlackElo "2400"]
[PlyCount "84"]
[EventDate "2022.03.16"]
[EventType "tourn"]
[EventRounds "9"]
[EventCountry "USA"]
[EventCategory "1"]
[Source "ChessMix"]
[SourceDate "2022.04.01"]

1. d4 Nf6 2. Bg5 e6 3. e4 c5 4. d5 h6 5. Bxf6 Qxf6 6. Nc3 a6 7. a4 d6 8. Nf3 g5
9. h4 g4 10. Nd2 e5 11. Nc4 Qd8 12. g3 Rg8 13. a5 Nd7 14. Be2 h5 15. Qd3 Rb8
16. Rf1 Rg6 17. O-O-O b5 18. axb6 Nxb6 19. f4 Nxc4 20. Qxc4 Bg7 21. Qa4+ Bd7
22. Qxa6 exf4 23. gxf4 Qxh4 24. Bb5 Qd8 25. Bxd7+ Qxd7 26. Rh1 Bh6 27. Ne2 Qe7
28. Qa4+ Kf8 29. Rxh5 Qf6 30. b3 Bxf4+ 31. Nxf4 Qxf4+ 32. Kb1 g3 33. Rf5 Qg4
34. Rg1 Rd8 35. Qa7 Rg7 36. Qc7 Qh4 37. Rxg3 Qh1+ 38. Kb2 Ra8 39. Qxd6+ Kg8 40.
Rxg7+ Kxg7 41. Qf6+ Kh7 42. Qxf7+ Kh6 1-0

[Event "Charlotte Spring IM-A"]
[Site "Charlotte USA"]
[Date "2022.03.20"]
[Round "8.1"]
[White "Wang, Tianqi"]
[Black "Plotkin, Mark"]
[Result "1-0"]
[WhiteElo "2322"]
[BlackElo "2400"]
[PlyCount "80"]
[EventDate "2022.03.16"]
[EventType "tourn"]
[EventRounds "9"]
[EventCountry "USA"]
[EventCategory "1"]
[Source "ChessMix"]
[SourceDate "2022.04.01"]

1. Nf3 Nf6 2. c4 c6 3. b3 d5 4. Bb2 Bf5 5. g3 h6 6. Bg2 e6 7. O-O Nbd7 8. d3
Be7 9. Nbd2 O-O 10. Qc2 a5 11. a3 Bh7 12. Rac1 Qb6 13. cxd5 exd5 14. e4 dxe4
15. dxe4 Rfe8 16. Qc4 Rad8 17. e5 Nd5 18. Qg4 Bf8 19. Bd4 Qb5 20. Bb2 Qd3 21.
Rfd1 Nc5 22. Nc4 Qxb3 23. Nd4 Qa4 24. Bxd5 Rxd5 25. Nb6 Rxd4 26. Bxd4 Qxa3 27.
Nc4 Qb4 28. Nd6 Bxd6 29. exd6 Ne6 30. d7 Rd8 31. Re1 Qf8 32. Rcd1 Bc2 33. Rd2
Bb3 34. Bb6 Bd5 35. Rxd5 cxd5 36. Rxe6 Rxd7 37. Re3 Qd6 38. Bd4 f6 39. Bxf6 h5
40. Qg6 Qxf6 1-0

[Event "PNWCC President Day RR"]
[Site "Redmond WA USA"]
[Date "2022.02.17"]
[Round "1.5"]
[White "Daggupati, Balaji"]
[Black "Plotkin, Mark"]
[Result "1-0"]
[WhiteElo "2443"]
[BlackElo "2400"]
[PlyCount "133"]
[EventDate "2022.02.17"]
[EventType "tourn"]
[EventRounds "9"]
[EventCountry "USA"]
[EventCategory "8"]
[Source "Mark Crowther"]
[SourceDate "2022.02.28"]

1. e4 e5 2. Nf3 Nc6 3. Bb5 a6 4. Ba4 g6 5. d4 b5 6. Bb3 exd4 7. Nxd4 Na5 8. a4
b4 9. Bd5 c6 10. Ba2 Bg7 11. O-O Ne7 12. c3 Rb8 13. cxb4 Rxb4 14. Nc2 Rxb2 15.
Bxb2 Bxb2 16. Nc3 O-O 17. Qd4 Bxa1 18. Rxa1 d5 19. Rd1 Be6 20. Ne3 Qc7 21. Qf6
Nc4 22. Bxc4 dxc4 23. h4 Rd8 24. Rb1 h5 25. Ne2 Bg4 26. Ng3 Qd6 27. Qg5 c3 28.
Rc1 f6 29. Qa5 Qd2 30. Rc2 Qe1+ 31. Kh2 Rb8 32. e5 Rb1 33. Ngf1 fxe5 34. Qxe5
Bf5 35. Rxc3 Kf7 36. Kg3 Rb2 37. Ng4 Qxf1 38. Re3 Rb7 39. Qf6+ Kg8 40. Nh6+ Kh7
41. Nf7 Kg8 42. Nh6+ Kh7 43. Nf7 Kg8 44. Rxe7 Qd3+ 45. f3 Rxe7 46. Qxe7 Qd2 47.
Ne5 Qe1+ 48. Kh2 Qd2 49. Qf7+ Kh8 50. Qf8+ Kh7 51. Qe7+ Kg8 52. Qf7+ Kh8 53.
Nxg6+ Bxg6 54. Qxg6 Qd5 55. f4 c5 56. Qxa6 Kg7 57. a5 c4 58. Qa7+ Kg6 59. Qc7
Qa8 60. Qxc4 Qxa5 61. Qe6+ Kh7 62. Qe5 Qd2 63. Qxh5+ Kg7 64. Qg5+ Kh7 65. h5
Qe1 66. h6 Qa1 67. Qg7+ 1-0

[Event "PNWCC President Day RR"]
[Site "Redmond WA USA"]
[Date "2022.02.18"]
[Round "2.3"]
[White "Plotkin, Mark"]
[Black "Wu, Rochelle"]
[Result "1-0"]
[WhiteElo "2400"]
[BlackElo "2299"]
[PlyCount "42"]
[EventDate "2022.02.17"]
[EventType "tourn"]
[EventRounds "9"]
[EventCountry "USA"]
[EventCategory "8"]
[Source "Mark Crowther"]
[SourceDate "2022.02.28"]

1. e4 c5 2. c3 d5 3. exd5 Qxd5 4. d4 Nc6 5. Nf3 Bf5 6. Be2 cxd4 7. cxd4 Bxb1 8.
Rxb1 e6 9. O-O Nf6 10. Qa4 Bd6 11. Bg5 Ne4 12. Bc4 Qf5 13. Bd3 Qd5 14. Bh4 Bc7
15. Rbc1 Bb6 16. Rfe1 f5 17. Bc4 Qa5 18. Qxa5 Bxa5 19. Red1 Kd7 20. d5 exd5 21.
Bxd5 Nc3 1-0